Ekonomický a právny poradca podnikateľa

Enregistré dans:
Détails bibliographiques
Format: Publication en série
Langue:slovaque
Publié: Žilina Poradca podnikateľa 1994
Sujets:
Tags: Ajouter un tag
Pas de tags, Soyez le premier à ajouter un tag!

MARC

LEADER 00000nas2a2200000 4500
001 s017851
005 20230919112526.1
022 |a 1335-0714 
041 0 |a slo 
044 |a SK 
245 1 0 |a Ekonomický a právny poradca podnikateľa 
264 1 |a Žilina  |b Poradca podnikateľa  |c 1994 
300 |a 2 zv. 
773 0 |w eu_un_cat*s120046 
610 2 0 |a predpisy právne 
610 2 0 |a podnikanie